| 000 | 00662nam a2200217 a 4500 | ||
|---|---|---|---|
| 005 | 20140310183243.0 | ||
| 008 | 040824s19uu xx 00 eng d | ||
| 020 | _a0415243904 | ||
| 050 |
_aPN 5114 _b.C84 2003 |
||
| 100 | _aCurran, James | ||
| 245 |
_aPower without responsibility : _bthe press,broadcasting, and the new media in Britain / _cJames Curran |
||
| 250 | _a6th ed. | ||
| 260 |
_aLondon : _bRoutledge Taylor & Francis Group, _c2003. |
||
| 300 |
_a459 p. : _bill. ; _c24 cm. |
||
| 521 | _aBSBA | ||
| 650 |
_aPress _xGreat Britain. |
||
| 650 |
_aBroadcasting _xGreat Britain. |
||
| 700 | _aSeaton, Jean | ||
| 942 |
_cBK _2lcc _kFOR |
||
| 999 |
_c20640 _d20640 |
||